000 00455nam a2200157 i 4500
001 22997
003 ES-MaACL
005 20230906152808.0
007 t|
008 021205s1971 sp ||||1| spa d
100 1 _aAlonso, Severino María.
_920246
245 1 3 _aEl Cristianismo como misterio /
_cSeverino María Alonso.
260 _aSalamanca :
_bSecretariado Trinitario,
_c[1971]
300 _a274 p. ;
_c19 cm.
852 _aES-MaACL
_jC-50629
_bR.77602
999 _c22997
_d22997